|
|
|
|
| LEADER |
00000nas a22000007a 4500 |
| 001 |
ssj0012020 |
| 003 |
WaSeSS |
| 005 |
20200512172242.0 |
| 006 |
m d |
| 007 |
cr n |
| 008 |
000801c19999999nyumn p s 0 a0eng d |
| 010 |
|
|
|a 2011200760
|z 99113395
|z sn 98000755
|
| 016 |
7 |
|
|a 023169842
|2 DE-101
|
| 016 |
7 |
|
|a 2070849-X
|2 DE-600
|
| 022 |
|
|
|a 2162-1136
|y 1520-5150
|
| 035 |
|
|
|a (WaSeSS)ssj0012020
|
| 040 |
|
|
|a CCO
|b eng
|c CCO
|d OCLCQ
|d DLC
|d CUD
|d DEBBG
|d AUD
|d OCLCE
|d DLC
|d CUI
|d HEBIS
|d OCLCQ
|d GBVCP
|d OCLCF
|d OCLCQ
|d VT2
|d WaSeSS
|
| 042 |
|
|
|a msc
|a nsdp
|
| 050 |
|
4 |
|a PN2000
|b .T48
|
| 082 |
1 |
0 |
|a 792
|2 14
|
| 130 |
0 |
|
|a Entertainment design (Online)
|
| 222 |
|
0 |
|a Entertainment design
|b (Online)
|
| 245 |
1 |
0 |
|a Entertainment design
|h [electronic resource].
|
| 246 |
1 |
|
|a ED
|
| 260 |
|
|
|a New York, NY :
|b Primedia Intertec,
|c ©1999-
|
| 310 |
|
|
|a Monthly (except combined issue in Aug./Sept.)
|
| 362 |
0 |
|
|a Vol. 33, no. 1 (Jan. 1999)-
|
| 500 |
|
|
|a Title from title screen.
|
| 500 |
|
|
|a Publisher: Intertec Pub. Corp., Mar. 1999-
|
| 506 |
|
|
|a License restrictions may limit access.
|
| 515 |
|
|
|a Issue for Jan. 1999 also called: Premiere issue; June issue each year is titled: Industry resources; Dec. issue is a Buyers guide.
|
| 521 |
8 |
|
|a "Entertainment Design targets lighting, sound, production designers, and costume and makeup professionals working in theatre, film, television, clubs, concerts, theme parks and industrial projects."
|
| 525 |
|
|
|a Has occasional supplements.
|
| 538 |
|
|
|a Mode of access: World Wide Web.
|
| 550 |
|
|
|a Distributed by Lexis-Nexis in the Academic Universe service (article text only), and UMI in the ProQuest service (article summary, text, images).
|
| 580 |
|
|
|a June issue each year is titled: Industry resources.
|
| 588 |
|
|
|a Latest issue consulted: Vol. 39, no. 11 (Nov. 2005); (International Index to Performing Arts website, viewed June 27, 2011).
|
| 650 |
|
0 |
|a Theater
|v Periodicals.
|
| 650 |
|
0 |
|a Motion pictures
|x Setting and scenery
|v Periodicals.
|
| 650 |
|
0 |
|a Performing arts
|v Periodicals.
|
| 650 |
|
6 |
|a Théâtre
|v Périodiques.
|
| 650 |
|
6 |
|a Cinéma
|x Décors
|v Périodiques.
|
| 650 |
|
6 |
|a Arts du spectacle
|v Périodiques.
|
| 650 |
|
7 |
|a Motion pictures
|x Setting and scenery.
|2 fast
|0 (OCoLC)fst01027381
|
| 650 |
|
7 |
|a Performing arts.
|2 fast
|0 (OCoLC)fst01057887
|
| 650 |
|
7 |
|a Theater.
|2 fast
|0 (OCoLC)fst01149217
|
| 650 |
1 |
7 |
|a Uitvoerende kunsten.
|2 gtt
|
| 655 |
|
0 |
|a Electronic journals.
|
| 730 |
0 |
|
|a Industry resources.
|
| 776 |
1 |
|
|t Industry resources
|w (DLC)sn 92017666
|w (OCoLC)26088465
|
| 776 |
0 |
8 |
|i Print version:
|t Entertainment design
|x 1520-5150
|w (DLC) 99113395
|w (OCoLC)39488371
|
| 780 |
0 |
0 |
|t TCI (Online)
|x 2162-1144
|w (DLC) 2011200761
|w (OCoLC)60630443
|
| 856 |
4 |
0 |
|z Full text available from Research Library: 01/01/1999 to 11/30/2005
|u https://search.proquest.com/publication/24971
|